| 000 | 00647nam a2200181 4500 | ||
|---|---|---|---|
| 005 | 20241021151627.0 | ||
| 010 | _aENG-142213 | ||
| 020 |
_c795.00 _a9789391125585 |
||
| 035 | _aEN-125745 | ||
| 037 | _bDBAD | ||
| 082 | _a352.63092 | ||
| 100 |
_aKashyap,Rajan _973075 |
||
| 245 |
_aBeyond The Trappings of Office/ _cRajan Kashyap |
||
| 260 |
_aNew Delhi _bNiyogi Books _c2023 |
||
| 270 |
_bNew Delhi _e110020 _aBlock D, Building No. 77, Okhla Industrial Area, Phase-I _k91-11-26816301 _k91-11-26818960 _mniyogibooks@gmail.com0 |
||
| 300 |
_a464p. _c23cm(hb) |
||
| 942 |
_2ddc _cEN _h352.63092 _mKAS |
||
| 999 |
_c206527 _d206527 |
||